000 00297nam a22001337a 4500
008 170815b xxu||||| |||| 00| 0 eng d
020 _a9780382372919
041 _aeng
080 _a51
100 _a36
101 _aMAT
245 _aMATHEMATICS PRACICE WORKBOOK
_cGIN.S.B
942 _2udc
_cBK
999 _c23516
_d23516